000 00473cam a2200193ua 4500
001 3058
008 110926n ii |||gr||||Z||||||eng
020 _a81-237-4656-3
040 _cMAIN
082 _a920
100 1 _aMalhotra, Inder,
_eAuthor.
245 1 1 _aIndira Gandhi
_cby Inder Malhotra
250 _a1st.
260 _aDelhi:
_bNational book trust,
_c2006.
300 _a197p:
_c23cm.
653 _aBiography
653 _aBiography of Indira Gandhi
942 _cBK
999 _c2905
_d2905